KOHA-Header-6

Working Capital Management (Record no. 9294)

000 -LEADER
fixed length control field 00269nam a2200109Ia 4500
100 ## - MAIN ENTRY--AUTHOR NAME
Personal name Hrishikes Bhattacharya
245 #0 - TITLE STATEMENT
Title Working Capital Management
260 ## - PUBLICATION, DISTRIBUTION, ETC. (IMPRINT)
Place of publication New Delhi
Name of publisher Addison
Year of publication 1959
300 ## - PHYSICAL DESCRIPTION
Number of Pages 458
942 ## - ADDED ENTRY ELEMENTS (KOHA)
Koha item type Books
Holdings
Withdrawn status Lost status Collection code Permanent Location Current Location Shelving location Date acquired Full call number Accession Number Koha item type
    Finance MAJU MAJU Shelf No.A44 2019-09-14 519.5 4865 Finance

Powered by Koha